| 000 | 00504nam a2200193Ia 4500 | ||
|---|---|---|---|
| 005 | 20250508162146.0 | ||
| 008 | 008 250505s9999 xx 000 0 eng d | ||
| 037 | _aTextual | ||
| 040 |
_aFEDL _beng _cFEDL |
||
| 041 |
_aeng _2eng |
||
| 084 |
_a658.1, CHA _qFEDL |
||
| 100 |
_aChappell R T _9127661 |
||
| 245 | 0 | _aBusiness communications | |
| 250 | _a4th | ||
| 260 |
_aEstover _bMacDonald & Evans _c1979 |
||
| 300 | _a222p. | ||
| 942 |
_cTEXL _h658.1, CHA |
||
| 999 |
_c1374719 _d1374719 |
||